| 000 | 00799 a2200205 4500 | ||
|---|---|---|---|
| 001 | 47980 | ||
| 005 | 20260407155745.0 | ||
| 008 | 260407a1970 arg spa d | ||
| 003 | AR-UNSa-BCEJYS | ||
| 040 |
_aAR-UNSa-BCEJYS _bspa _cAR-UNSa-BCEJYS |
||
| 080 |
_a336.7 _xMoneda. Sistema monetario. Banca. Bolsa |
||
| 245 | 1 | 0 | _aUn programa de estabilidad monetaria y reforma bancaria |
| 264 | 1 |
_aBilbao : _bEdiciones Deusto _c1970 |
|
| 300 |
_a153 p. _c22 cm. |
||
| 505 | _a1. La política monetaria en perspectiva - 2. Los instrumentos del Sistema de Reserva Federal - 3. La gestión de la Deuda y Reforma Bancaria - 4. Los fines y criterios de la política monetaria. | ||
| 942 | _cBK | ||
| 590 | _aniveau_biblio:m niveau_hierar:0 | ||
| 100 | 1 | _aMas Montañes, Enrique | |
| 700 | 1 | _aFriedman, Milton | |
| 999 |
_c4509 _d4509 |
||